[Event "DEN-ch Senior"]
[Site "Skorping"]
[Date "2014.04.18"]
[Round "2"]
[White "Poulsen, Gunner"]
[Black "Eriksen, Allan"]
[Result "1/2-1/2"]
[WhiteElo "1041"]
[BlackElo "1536"]
[PlyCount "94"]
[EventDate "2014.04.17"]
[EventType "swiss"]
[EventRounds "5"]
[EventCountry "DEN"]
[SourceTitle "EXT 2023"]
[Source "ChessBase"]
[SourceDate "2022.10.05"]
[SourceVersion "1"]
[SourceVersionDate "2022.10.05"]
[SourceQuality "1"]

1. d4 f5 2. Bg5 Nf6 3. Bxf6 exf6 4. e3 d5 5. Be2 Bd6 6. Bh5+ g6 7. Be2 0-0 8. Nc3 c6 9. f4 Be6 10. Nf3 Nd7 11. a3 Qb6 12. b4 Qc7 13. 0-0 a6 14. Nh4 Bf7 15. Rb1 Rfe8 16. Qd3 Nb6 17. Qd2 Qd7 18. Rf3 Be6 19. Rg3 Kf7 20. a4 Rg8 21. a5 Nc4 22. Bxc4 dxc4 23. Na4 Rad8 24. Nc5 Qc7 25. Nxe6 Kxe6 26. c3 g5 27. Qa2 Kd5 28. Nxf5 gxf4 29. Rxg8 Rxg8 30. Nxd6 Qxd6 31. e4+ Kxe4 32. Re1+ Kd5 33. Qf2 Qf8 34. Qxf4 Qg7 35. Qf5+ Kd6 36. Re2 Kc7 37. Qc5 Kc8 38. Qxc4 Qg5 39. Qe6+ Kb8 40. g3 Rd8 41. Qe7 Kc8 42. Qc5 Qxc5 43. bxc5 Rd7 44. Kf2 Rf7 45. Kf3 Kd7 46. h3 Rg7 47. Re4 h5 1/2-1/2